| 000 | 03245cam a22003855a 4500 | ||
|---|---|---|---|
| 001 | L141913 | ||
| 008 | 080115s2008 xxk f 000 0 eng d | ||
| 020 | _a9780421921504 | ||
| 035 | _a(Sirsi) u141913 | ||
| 041 | 0 | _aeng | |
| 050 | 0 | 4 | _a346.410434 $2 18 |
| 100 | 1 | _aDowding, Nicholas | |
| 245 | 0 | 0 |
_aDilapidations the modern law and practice _bfirst supplement to the third edition |
| 260 |
_aLondon _bSweet & Maxwell _c2008 |
||
| 300 |
_axiii, 68p. _c24cm. |
||
| 350 | _a67 | ||
| 505 | 2 | _aThe existence of the obligation -- Who can sue and be sued -- The construction of repairing and other covenants imposing liability for dilapidations -- The first question: what is the subject matter of the covenant? -- The second question: is the subject matter of the covenant in a damaged or deteriorated condition? -- The third question: is the nature of the damage such as to bring the condition of the subject-matter below the standard contemplated by the repairing covenant? | |
| 505 | 2 | _aThe fourth question: what work is necessary in order to put the subject-matter of the covenant back into the contemplated condition? -- The fifth question: is that work nonetheless of such a nature that the parties did not contemplate it would be the liability of the covenanting party? -- The application of the repairing covenant in relation to commonly encountered defects -- Destruction of the subject matter -- The landlord's implied obligations towards the tenant at common law -- The landlord's implied obligations towards the tenant under statute | |
| 505 | 2 | _aConsiderations affecting the preformance of the landlord's obligations to repair -- Fixtures -- Forfeiture -- Other remedies during the term -- Damages at the end of the term (1): claims to which section 18(1) of the Landlord and Tenant Act 1927 applies -- Damages at the end of the term (2): claims to which section 18(1) of the Landlord and Tenant Act 1927 does not apply -- The tenant's remedies for breach of contract on the part of the landlord -- The recovery of fees and costs -- Dilapidations questions arising in related fields -- Dilapidations claims in practice -- Dilapidations claims under the Civil Procedure rules -- Appendices | |
| 520 | _aUpdates the main work (L127972), reflecting changes in law and practice. Includes discussion of a number of new cases and updated appendices that now contain the complete text of the new pre-action protocol for claims for damages in relation to the physical state of commercial property at the end of a lease, published by the Property Litigation Association. | ||
| 521 | _aAdvanced | ||
| 650 | 2 | 4 | _aLANDLORD AND TENANT ACT 1927 |
| 650 | 2 | 4 | _aRIVERSIDE PROPERTY INVESTMENTS V BLACKHAWK AUTOMOTIVE |
| 650 | 2 | 4 | _aMARLBOROUGH PARK SERVICES V REEVE |
| 650 | 2 | 4 | _aREGER INTERNATIONAL V TIREE |
| 650 | 2 | 4 | _aLATIMER V CARNEY |
| 650 | 2 | 4 | _aPRINCES HOUSE V DISTINCTIVE CLUBS |
| 650 | 2 | 4 | _aEARLE V CHARALAMBOUS |
| 650 | 2 | 4 | _aFITZROY HOUSE EPWORTH STREET (NO.1) LTD AND ANOTHER V FINANCIAL TIMES |
| 650 | 2 | 4 | _aCARMEL SOUTHEND LTD V STRACHAN AND HENSHAW LTD |
| 650 | 2 | 4 | _aLYNDENDOWN V VITAMOL |
| 690 | _aPROPERTY-LEASEHOLD PROPERTY-LANDLORD AND TENANT-DILAPIDATIONS | ||
| 700 | 1 | _aReynolds, Kirk | |
| 942 | _n0 | ||
| 999 |
_c107793 _d107793 |
||